| 000 | 01123nam2a22002411 4500 | ||
|---|---|---|---|
| 001 | rc\165692 | ||
| 005 | 20250612170609.0 | ||
| 010 |
_a5-253-00185-9 _bПресса, Москва _950000 |
||
| 035 | _a(NLR Aleph) 008742676 | ||
| 090 |
_a9538374 _c9538374 |
||
| 100 | _a20030307d1993 |||y0rusy50 ca | ||
| 101 | 0 | _arus | |
| 102 | _aRU | ||
| 105 | _aa ||||||||| | ||
| 200 | 0 |
_aТ. 2 _f[Пер. Т. Кудрявцевой] |
|
| 210 |
_d1993 _aБ. м. |
||
| 215 |
_a589 с. _cил. |
||
| 461 | 0 |
_1001rc\165690 _12001#$aУнесенные ветром$eРоман$e[В 2 т.$eПер. с англ.]$fМаргарет Митчелл$g[Вступ. ст. П. Палиевского$gИллюстрации Л. Дурасова]$vТ. 2 _1700#1$aМитчелл$bМ.$gМаргарет$f1900-1949 _97985096 _aМитчелл, М. (1900-1949) _cНижний Новгород _d1993- _fМаргарет Митчелл _nФирма "Русь" _oРоман : [В 2 т. : Пер. с англ.] _tУнесенные ветром _vТ. 2 |
|
| 801 | 0 |
_aRU _bNLR _gpsbo |
|
| 801 | 1 |
_aRU _bELAR _2rusmarc |
|
| 852 |
_aNLR _j93-3/1309 |
||
| 942 | _cBOOK | ||
| 980 | _aNB | ||